000 00267nam a22001217a 4500
008 170405b xxu||||| |||| 00| 0 eng d
041 _aeng
080 _a 574
100 _a9
101 _aSHM
245 _aMODERN CORN PRODUCTION
_cALDRICH, S.R
942 _2udc
_cBK
999 _c9833
_d9833